| 000 | 00378nam a2200157Ia 4500 | ||
|---|---|---|---|
| 008 | 230524s9999 xx 000 0 und d | ||
| 082 |
_a658.45 _bPRI |
||
| 100 |
_aW.M.Pride _928298 |
||
| 245 | 0 | _aMarketing Concepts And Strategies | |
| 250 | _a7TH | ||
| 260 |
_aNEW DELHI _c2008 |
||
| 300 | _aXXIV;662 | ||
| 500 | _aQuantity Number: 1 | ||
| 650 | _aManagement | ||
| 942 | _cBK | ||
| 999 |
_c41293 _d41293 |
||